|
|
|
|
| LEADER |
01004nas a22002057i 4500 |
| 003 |
GR-PaULI |
| 008 |
161121c19339999gr mr|p |||| 00| b gre d |
| 952 |
|
|
|0 0
|1 0
|2 ddc
|4 0
|6 301_050000000000000
|7 1
|9 327803
|a LISP
|b LISP
|c SER
|d 2021-08-30
|e ΠΑΤ
|i ΠΑΤ 464
|l 0
|o 301.05
|r 2021-08-30 00:00:00
|w 2021-08-30
|y JNL
|
| 999 |
|
|
|c 183766
|d 183766
|
| 040 |
|
|
|a GR-PaULI
|b gre
|e AACR2
|c GR-PaULI
|
| 082 |
|
|
|2 23
|a 301.05
|
| 245 |
0 |
0 |
|a Ιδέα :
|b μηνιαίο περιοδικό- όργανο της ελεύθερης σκέψης και τέχνης
|
| 260 |
|
|
|a Αθήναι :
|b Εκδοτικά καταστήματα Μ. Σαλίβερου
|
| 300 |
|
|
|a τχ . :
|c 23 εκ.
|
| 362 |
|
|
|a Άρχισε με το τεύχ. 1-6 (1933) .
|
| 588 |
|
|
|a Η περιγραφή βασίζεται στο τεύχος 13-15 (1934) .
|
| 650 |
|
0 |
|a Κοινωνιολογία
|x Περιοδικά
|z Ελλάδα
|9 180652
|
| 866 |
|
|
|a τχ. 1-6 (1933)-τχ. 7-12 (1933)-τχ. 13-15 (1934)
|
| 942 |
|
|
|2 ddc
|c JNL
|
| 998 |
|
|
|c ΙΩΑΝΝΟΥ
|d 2021-08
|